000 00426nam a2200145 a 4500
005 20140412111414.0
008 070702s19uu xx 00 eng d
020 _a0-88625-094-3
050 _aM 808.82
_bO65 1986
100 _aDonev, Mary Kaizer
245 _aThe CHP book of mysteries :
_bthe strange, the bizarre, and the unexplained.
260 _aHongkong :
_bHayes publishing,
_c1986.
300 _a48
999 _c105781
_d105781